RG-100 vegetable preparation machine
Uložené v:
| Médium: | Kniha |
|---|---|
| Jazyk: | English Swedish |
| Vydavateľské údaje: |
[Kista] :
[Hallde Maskiner],
[2011]
|
| Vydanie: | [1st ed.] |
| Predmet: | |
| On-line prístup: |
|
| Tagy: |
Pridať tag
Žiadne tagy, Buďte prvý, kto otaguje tento záznam!
|
MARC
| LEADER | 00000nam a2200000 4500 | ||
|---|---|---|---|
| 003 | SK-BrCVT | ||
| 005 | 20220618072940.0 | ||
| 006 | ao e 000 0 | ||
| 008 | 120227s2011####sw o e 000 0eng#d | ||
| 035 | |a CVTIDW0011896 | ||
| 040 | |a CVTISR |b slo |c CVTISR |e AACR2 | ||
| 041 | 0 | |a swe | |
| 044 | |a sw |c SE | ||
| 080 | |a 621.926.2 |2 2008 | ||
| 080 | |a 641.5 |2 2008 | ||
| 110 | 2 | |a Hallde Maskiner (Kista, Švédsko) |4 mfr | |
| 245 | 1 | 0 | |a RG-100 vegetable preparation machine |
| 250 | |a [1st ed.] | ||
| 260 | 3 | |a [Kista] : |b [Hallde Maskiner], |c [2011] | |
| 300 | |a [4 s.] : |b fotogr., obr., tab. ; |c 30 cm | ||
| 653 | 1 | |a drvič zeleniny | |
| 653 | 1 | |a gastronómia | |
| 653 | 1 | |a gastronomické zariadenie | |
| 655 | 7 | |a firemné prospekty |2 SNKPH | |
| 852 | |a CVTISR |b 1 | ||
| 856 | 4 | |u http://www.hallde.com | |
| 910 | |b F033026 | ||
| 959 | |a 5524 | ||
| 959 | |a 7501 | ||
| 974 | |a agnesa.remenarova |f Firemná literatúra | ||
| 992 | |a FFP | ||
| 999 | |c 183223 |d 183223 | ||